| 000 | 00422nam a22001571 4500 | ||
|---|---|---|---|
| 082 | 0 | 0 |
_a532 _bJAI |
| 100 | 1 |
_aJain, Dr. A. K. _940204 |
|
| 245 | 0 | 0 |
_aFluid mechanics. _cJain, Dr. A. K. |
| 260 |
_aDelhi., _bKhanna Publishers, _c. |
||
| 300 |
_a912 p. _billus. _c24 cm. |
||
| 526 |
_a0 _b0 _c0 _d532_000000000000000_JAI |
||
| 650 | 0 |
_aFluid mechanics. _91678 |
|
| 650 | 0 | _aHydraulics. | |
| 650 | 0 |
_aMCE _9379 |
|
| 942 |
_2ddc _cBK |
||
| 999 |
_c544552 _d544552 |
||